000 00814nam a2200217 a 4500
001 000037981
003 OSt
005 20240305073657.0
008 130311s2000 dr 000 0 spa d
040 _aDO-SdBNP
_bspa
_cBNPHU
082 _axxxx
_bxxxx
100 1 _a Mejía-Ricart G., Tirso,
_d1936-2021
_q(Mejía-Ricart Guzmán)
_91569
245 1 0 _aProyecto de ley de reforma territorial y reorganización político-administrativa del actual distrito nacional /
_cTirso Mejía Ricart.
260 _aSanto Domingo :
_bComisión Presidencial para la Reforma y Modernización del Estado,
_c2000.
300 _a81 p. ;
_c22 cm.
490 1 _aConversatorios de la Reforma ;
_v22 ;
590 _aInventariado, 2020/ YL
830 0 _aConversatorios de la Reforma
_n22
_964389
910 _aYlockward
942 _2ddc
_cLBS1
999 _c37471
_d37471